Players with most appearances for Liverpool F.C. - Statistics

General Stats
  • This quiz has been taken 47 times
  • The average score is 5 of 10
Answer Stats
Hint Answer % Correct
710 Steven Gerrard
95%
737 James Carragher
79%
660 Ian Rush
62%
857 Ian Callaghan
43%
620 Alan Hansen
38%
665 Raymond Clemence
36%
650 Philip Neal
33%
628 Bruce Grobbelaar
26%
638 Thomas Smith
26%
665 Emlyn Hughes
21%
No matching quizzes found
Score Distribution
Percent of People with Each Score
Percentile by Number Answered
Your Score History
You have not taken this quiz